000
00270nam a2200109Ia 4500
008
190216s9999||||xx |||||||||||||| ||und||
100
_a
Bhalla V K
245
0
_a
International Financial Management
260
_b
Marar Sahithya Prakasam
_c
2001
300
_a
973p
942
_c
BK
999
_c
6285
_d
6285